| 000 | 00742nam a2200229 4500 | ||
|---|---|---|---|
| 003 | OSt | ||
| 005 | 20240729074057.0 | ||
| 006 | a | ||
| 008 | 240729b |||||||| |||| 00| 0 eng d | ||
| 020 | _a9812611304 | ||
| 040 |
_aDWCL-Main lib. _cOC |
||
| 082 | _aCirc. 951.132 W423c 2005 | ||
| 100 | _aWeiner, Rebecca | ||
| 245 | _aCulture shock! : a survival guide to customs and etiquette : Shanghai / | ||
| 260 |
_aSingapore : _bMarshall Cavendish Editions, _cc2005. |
||
| 300 |
_axi, _b332 p. : ill. ; _c21 cm. |
||
| 490 | _3Culture shock | ||
| 504 | _aIncludes bibliographical references & index. | ||
| 650 | _a1. Etiquette-China Shanghai. | ||
| 650 | _a2. Shanghai ( China)-Social life and customs. | ||
| 942 |
_2ddc _n0 _cBK-CIRC _kCirc. |
||
| 999 |
_c2925 _d2925 |
||